Subdivisions de l'Afrique Française sur une Carte - Statistiques

Statistiques générales
  • Ce quiz a été pris 63 fois
  • Le résultat moyen est 15 sur 18
Réponses sur la Carte
Les réponses sont colorées sur une échelle allant du rouge au vert en fonction du pourcentage des utilisateurs qui les ont devinées à leur premier essai. Vous pouvez retrouver ces pourcentages ci-dessous.
 
Statistiques - réponses
Réponse % Correct
Sénégal
100%
Niger
98%
Algerie
96%
Congo français
96%
Madagascar
95%
Mauritanie
95%
Tunisie
95%
Maroc
93%
Togo
93%
Cameroun
91%
Tchad
91%
Côte d'Ivoire
89%
Gabon
89%
Guinée française
89%
Dahomey
50%
Soudan français
45%
Côte française des Somalis
39%
Oubangi-Shari
14%
Aucun quiz correspondant
Distribution des résultats
% des personnes avec chaque résultat
Percentile par nombre de réponses
Votre historique - résultats
Vous n’avez pas pris ce quiz